000 01109cam a22003377a 4500
003 CHAP
005 20220817042035.0
008 971013s1976 r 00010 d
010 _a32727
011 _a33699
035 _a37815
040 _cCHAP
090 _aFolleto 3374
100 0 0 _aCuca García, Manuel.
_929989
245 1 3 _aLa alimentación de las aves de corral
260 _aChapingo, Méx. :
_bENA. Colegio de Postgraduados,
_c1976
300 _a23 p.
_b: ilus.
500 _ac.4-12, 14, 15 en bodega
590 _aBATCH-UPD
_b10
_c20130110
_lUCH01
_h1553
590 _aBATCH-UPD
_b10
_c20130410
_lUCH01
_h0951
590 _aBATCH-UPD
_b10
_c20130914
_lUCH01
_h0443
590 _aCONVERSION
_b10
_c20130109
_lUCH01
_h1318
650 1 4 _aAves de corral
_xAlimentación.
_98638
650 1 4 _aAves de corral
_xNutrición.
_98672
700 0 _aAvila González, Ernesto.
901 _aBK
942 _cFOLL
949 _aFolleto 3374
_bBC
_cFOLL
_d-86600
_eTS2
_fc.2
_i37815
_si
949 _aFolleto 3374
_bBC
_cFOLL
_d-86601
_eTS2
_fc.3
_i37815
_si
949 _aFolleto 3374
_bBC
_cUACH
_d-86598
_eUACH
_i37815
_si
999 _c32727
_d32727